[Event "Muensterland Verbandsliga 0809"]
[Site "Germany"]
[Date "2008.11.15"]
[Round "3.8"]
[White "Hunhoff, Andreas"]
[Black "Henschen, Daniel"]
[Result "1/2-1/2"]
[WhiteElo "1602"]
[BlackElo "1686"]
[PlyCount "39"]
[EventDate "2008.09.20"]
[EventType "team-tourn"]
[EventRounds "9"]
[EventCountry "GER"]
[SourceTitle "EXT 2010"]
[Source "ChessBase"]
[SourceDate "2010.11.25"]
[SourceVersion "1"]
[SourceVersionDate "2010.11.25"]
[SourceQuality "1"]
[WhiteTeam "Bocholt"]
[BlackTeam "Saerbeck"]
[WhiteTeamCountry "GER"]
[BlackTeamCountry "GER"]

1. f4 d5 2. e3 Nf6 3. Nf3 e6 4. d4 Be7 5. Be2 0-0 6. 0-0 Nbd7 7. Ne5 Ne4 8. Nd2 Nxd2 9. Bxd2 f6 10. Ng4 c5 11. c3 c4 12. Qc2 b5 13. Rf3 f5 14. Ne5 Nf6 15. Rff1 Bd6 16. Bf3 a5 17. Be1 Bxe5 18. fxe5 Nd7 19. Bg3 Ba6 20. Be2 1/2-1/2

[Event "Steinfurt Bezirksliga 0809"]
[Site "Germany"]
[Date "2008.10.25"]
[Round "2.3"]
[White "Henschen, Daniel"]
[Black "Brinkmann, Franz Josef"]
[Result "1-0"]
[WhiteElo "1686"]
[BlackElo "1698"]
[PlyCount "65"]
[EventDate "2008.09.27"]
[EventType "team-tourn"]
[EventRounds "9"]
[EventCountry "GER"]
[SourceTitle "EXT 2010"]
[Source "ChessBase"]
[SourceDate "2010.11.25"]
[SourceVersion "1"]
[SourceVersionDate "2010.11.25"]
[SourceQuality "1"]
[WhiteTeam "Saerbeck II"]
[BlackTeam "Rheine Klein Berlin II"]
[WhiteTeamCountry "GER"]
[BlackTeamCountry "GER"]

1. Nf3 c5 2. g3 d5 3. Bg2 Nc6 4. d4 e6 5. 0-0 Nf6 6. a4 cxd4 7. Nxd4 Bc5 8. c3 0-0 9. Nxc6 bxc6 10. b4 Bd6 11. Nd2 Ba6 12. Ba3 Qc7 13. Re1 Rfd8 14. Qc2 Rab8 15. Rad1 Ng4 16. Bh3 f5 17. Nf3 Qe7 18. Bc1 h6 19. Bxg4 fxg4 20. Nd4 Qf6 21. Nxc6 Rf8 22. e4 Rbc8 23. e5 Qf7 24. exd6 Rxc6 25. b5 Rxd6 26. Ba3 Bb7 27. Bxd6 d4 28. Qe2 Rd8 29. Rxd4 Kh8 30. Rf4 Qh5 31. Be7 Rd7 32. Qxe6 Qh3 33. Rf8+ 1-0